Netspeak/sms slang v slovenčine v porovnaní s inými jazykmi
Korene netspeaku v rôznych jazykoch sú odvodené najviac od jazyka telegramov a telegrafických správ. Prvým jazykom, kde sa netspeak rozvinul bola angličtina. Netspeak v slovenčine v porovnaní s inými jazykmi.
Salvato in:
| Autore principale: | |
|---|---|
| Natura: | Capitolo di libro |
| Lingua: | slovacco |
| Soggetti: | |
| Tags: |
Nessun Tag, puoi essere il primo ad aggiungerne!!
|
MARC
| LEADER | 00000nla a2200000 4500 | ||
|---|---|---|---|
| 001 | 0201744 | ||
| 005 | 20240502073411.0 | ||
| 041 | 0 | |a slo | |
| 044 | |a SK | ||
| 245 | 1 | 0 | |a Netspeak/sms slang v slovenčine v porovnaní s inými jazykmi |c Mária Sztuková |
| 520 | |a Korene netspeaku v rôznych jazykoch sú odvodené najviac od jazyka telegramov a telegrafických správ. Prvým jazykom, kde sa netspeak rozvinul bola angličtina. Netspeak v slovenčine v porovnaní s inými jazykmi. | ||
| 610 | 2 | 0 | |a komunikácia |
| 610 | 2 | 0 | |a internet |
| 610 | 2 | 0 | |a počítače |
| 610 | 2 | 0 | |a telefón mobilný |
| 610 | 2 | 0 | |a slovenčina |
| 610 | 2 | 0 | |a angličtina |
| 610 | 2 | 0 | |a čeština |
| 610 | 2 | 0 | |a maďarčina |
| 610 | 2 | 0 | |a nemčina |
| 100 | 1 | |a Sztuková, Mária | |